000
00317 a2200157 4500
001
46471
020
_a
040
_c
Anchieta - Aquarius
100
_a
Maciel, Erika
240
1
0
_a
Formikinha
_l
por
245
1
0
_a
Formikinha
300
_a
362
0
_a
2010
650
4
_a
Literatura infanto-juvenil
942
_c
BK
999
_c
46471
_d
46471